00315nam a2200121Ia 4500008004100000040001500041041001200056082001900068100001600087245004300103260003200146300001500178230917s9999||||xx |||||||||||||| ||und|| e9816aMAIN aEnglish a301.0973 R752T aRocher, Guy 0aTalcott parsons and American sociology aLondonbThomas Nelsonc1974 axv, 186 p.